书目信息 |
| 题名: |
精彩水粉
|
|
| 作者: | 刘健 , 安滨 主编 | |
| 分册: | ||
| 出版信息: | 合肥 安徽美术出版社 2007.01 |
|
| 页数: | [108]页 | |
| 开本: | 29cm | |
| 丛书名: | ||
| 单 册: | ||
| 中图分类: | J225 , J225 | |
| 科图分类: | ||
| 主题词: | 水粉画--中国--现代--画册 , 绘画 , 水粉画 , 绘画--中国--现代--画册 | |
| 电子资源: | ||
| ISBN: | 978-7-5398-1691-3 | |
| 000 | 00788nam0 2200289 450 | |
| 001 | 003379047 | |
| 005 | 20110411095211.13 | |
| 010 | @a978-7-5398-1691-3@dCNY40.00 | |
| 100 | @a20100913d2007 em y0chiy0110 ea | |
| 101 | 0 | @achi |
| 102 | @aCN@b340000 | |
| 105 | @aa z 000yy | |
| 200 | 1 | @a精彩水粉@Ajing cai shui fen@f刘健主编@g安滨册主编 |
| 210 | @a合肥@c安徽美术出版社@d2007.01 | |
| 215 | @a[108]页@d29cm | |
| 300 | @a中国美术学院师生优秀习作精选 | |
| 606 | 0 | @a水粉画@y中国@z现代@j画册 |
| 606 | 0 | @a绘画 |
| 606 | 0 | @a水粉画 |
| 606 | 0 | @a绘画@y中国@z现代@j画册 |
| 690 | @aJ225@v5 | |
| 690 | @aJ225@v5 | |
| 701 | 0 | @a刘健@Aliu jian@f(1954~)@4主编 |
| 701 | 0 | @a安滨@Aan bin@f(1962~)@4册主编 |
| 801 | 0 | @c20110411 |
| 905 | @aBZT@dJ225@e4 | |
| 906 | @dCNY40.00@n0@r1 | |
| 精彩水粉/刘健主编/安滨册主编.-合肥:安徽美术出版社,2007.01 |
| [108]页;29cm |
| 中国美术学院师生优秀习作精选 |
| ISBN 978-7-5398-1691-3:CNY40.00 |
| ● |
| 相关链接 |
|
|
|
正题名:精彩水粉
索取号:J225/4
 
预约/预借
| 序号 | 登录号 | 条形码 | 馆藏地/架位号 | 状态 | 备注 |
| 1 | 768928 | 2000768928 | 中心书库中库/ 中库018架A面7列6层9/ [索取号:J225/4] | 在馆 | |
| 2 | 768929 | 2000768929 | 中心书库中库/ 中库017架B面3列3层19/ [索取号:J225/4] | 在馆 | |
| 3 | 768930 | 2000768930 | 中心书库中库/ 中库017架B面3列3层24/ [索取号:J225/4] | 在馆 | |
| 4 | 768931 | 2000768931 | 中心书库中库/ 中库017架B面3列3层22/ [索取号:J225/4] | 在馆 | |
| 5 | 768932 | 2000768932 | 中心书库中库/ 中库017架B面3列3层26/ [索取号:J225/4] | 在馆 | |
| 6 | 768933 | 2000768933 | 中心书库中库/ 中库017架B面3列3层31/ [索取号:J225/4] | 在馆 | |
| 7 | 768934 | 2000768934 | 中心书库中库/ 中库017架B面3列3层33/ [索取号:J225/4] | 在馆 | |
| 8 | 768935 | 2000768935 | 中心书库中库/ 中库017架B面3列3层18/ [索取号:J225/4] | 在馆 | |
| 9 | 768936 | 2000768936 | 中心书库中库/ 中库017架B面3列3层25/ [索取号:J225/4] | 在馆 | |
| 10 | 768937 | 2000768937 | 中心书库中库/ 中库017架B面3列3层20/ [索取号:J225/4] | 在馆 |